[Event "35t. Copenhagen Open (Politiken Cup)"]
[Site "Elsinore"]
[Date "2013.08.01"]
[Round "7"]
[White "Melkumyan, Hrant"]
[Black "Tari, Aryan"]
[Result "1-0"]
[WhiteElo "2632"]
[BlackElo "2383"]
[PlyCount "43"]
[EventDate "2013.07.27"]
[EventType "swiss"]
[EventRounds "10"]
[EventCountry "DEN"]
[Source "ChessBase"]
[SourceDate "2013.08.26"]

1. c4 e5 2. g3 c6 3. d4 e4 4. d5 Bb4+ 5. Bd2 e3 6. fxe3 Bxd2+ 7. Qxd2 Nf6 8.
Nc3 O-O 9. d6 Re8 10. Bh3 Qb6 11. Nf3 Na6 12. O-O Nc5 13. Bf5 g6 14. Qd4 Kg7
15. Ng5 Ne6 16. Bxe6 Qxd4 17. exd4 fxe6 18. Rf2 h6 19. Raf1 Rf8 20. Nce4 Nxe4
21. Rxf8 Nxg5 22. h4 1-0

[Event "35t. Copenhagen Open (Politiken Cup)"]
[Site "Elsinore"]
[Date "2013.08.01"]
[Round "7"]
[White "Mihajlov, Sebastian"]
[Black "Rosell, Sven"]
[Result "1/2-1/2"]
[WhiteElo "2138"]
[BlackElo "1973"]
[PlyCount "76"]
[EventDate "2013.07.27"]
[EventType "swiss"]
[EventRounds "10"]
[EventCountry "DEN"]
[Source "ChessBase"]
[SourceDate "2013.08.26"]

1. d4 Nf6 2. c4 g6 3. Nc3 Bg7 4. e4 d6 5. Nf3 O-O 6. h3 e5 7. d5 a5 8. g4 Na6
9. Be3 Nc5 10. Nd2 Nfd7 11. h4 f5 12. gxf5 gxf5 13. exf5 Nf6 14. Bxc5 dxc5 15.
Bh3 Qe8 16. Qf3 a4 17. a3 Bd7 18. O-O-O b5 19. cxb5 Bxb5 20. Rhg1 Kh8 21. Qe3
Bd7 22. Qxc5 Rb8 23. Qe3 Qe7 24. Rg2 Rg8 25. Nf3 e4 26. Ng5 Rb3 27. Qc5 Qe8 28.
Rdg1 h6 29. Ne6 Bxe6 30. dxe6 Qd8 31. Rd1 Qb8 32. Rd2 Kh7 33. Qe7 c6 34. Rd8
Qf4+ 35. Kb1 Nh5 36. Rxg8 Rxb2+ 37. Kxb2 Qd2+ 38. Kb1 Qe1+ 1/2-1/2

[Event "35t. Copenhagen Open (Politiken Cup)"]
[Site "Elsinore"]
[Date "2013.08.01"]
[Round "7"]
[White "Nielsen, Jens Holm"]
[Black "Tandrup, Michael"]
[Result "0-1"]
[WhiteElo "1849"]
[BlackElo "2018"]
[PlyCount "54"]
[EventDate "2013.07.27"]
[EventType "swiss"]
[EventRounds "10"]
[EventCountry "DEN"]
[Source "ChessBase"]
[SourceDate "2013.08.26"]

1. Nc3 c5 2. Nf3 Nf6 3. d4 cxd4 4. Nxd4 g6 5. Bg5 Bg7 6. Qd2 Nc6 7. O-O-O Nxd4
8. Qxd4 O-O 9. Qh4 d6 10. e4 Qa5 11. Bh6 Be6 12. Bxg7 Kxg7 13. g4 Rac8 14. g5
Ng4 15. h3 Ne5 16. Be2 Bxa2 17. f4 Nd7 18. Qh6+ Kg8 19. Kd2 Rxc3 20. bxc3 Rc8
21. Bd3 Qxc3+ 22. Ke2 Bc4 23. Rd2 Nc5 24. Rhd1 Nxe4 25. Bxc4 Qxc4+ 26. Rd3 Ng3+
27. Kf3 Nf5 0-1

[Event "35t. Copenhagen Open (Politiken Cup)"]
[Site "Elsinore"]
[Date "2013.08.01"]
[Round "7"]
[White "Nielsen, Kai Gylling"]
[Black "Petersen, Peter Birk"]
[Result "0-1"]
[WhiteElo "1833"]
[BlackElo "2155"]
[PlyCount "32"]
[EventDate "2013.07.27"]
[EventType "swiss"]
[EventRounds "10"]
[EventCountry "DEN"]
[Source "ChessBase"]
[SourceDate "2013.08.26"]

1. e4 c5 2. Nf3 Nc6 3. d4 cxd4 4. Nxd4 e6 5. Be3 Nf6 6. Bd3 Be7 7. O-O d6 8.
Nc3 O-O 9. f4 e5 10. Nxc6 bxc6 11. fxe5 Ng4 12. Bf4 dxe5 13. Bd2 Bc5+ 14. Kh1
Qh4 15. h3 Qg3 16. hxg4 Qh4# 0-1

[Event "35t. Copenhagen Open (Politiken Cup)"]
[Site "Elsinore"]
[Date "2013.08.01"]
[Round "7"]
[White "Nielsen, Leo"]
[Black "Andreasen, Jakup a Rogvi"]
[Result "0-1"]
[WhiteElo "1752"]
[BlackElo "2008"]
[PlyCount "148"]
[EventDate "2013.07.27"]
[EventType "swiss"]
[EventRounds "10"]
[EventCountry "DEN"]
[Source "ChessBase"]
[SourceDate "2013.08.26"]

1. e4 c5 2. Nf3 Nc6 3. Bc4 e6 4. Nc3 a6 5. a4 g6 6. d4 cxd4 7. Nxd4 Bg7 8. Be3
Nge7 9. O-O O-O 10. f4 Qb6 11. e5 Qxb2 12. Qd2 Qb4 13. Nxc6 Nxc6 14. Bd3 d5 15.
Rfb1 Qe7 16. Bb6 f6 17. exf6 Qxf6 18. Ne2 e5 19. fxe5 Nxe5 20. Bd4 Qh4 21. Bxe5
Bxe5 22. g3 Qg4 23. c3 Be6 24. Rb4 Qf3 25. Nd4 Bxd4+ 26. Rxd4 Bh3 27. Qe2 Qxe2
28. Bxe2 Rae8 29. Bf1 Rxf1+ 30. Rxf1 Bxf1 31. Kxf1 Re5 32. c4 Rf5+ 33. Ke2 dxc4
34. Rxc4 Rf7 35. h4 Rd7 36. g4 Kf7 37. Kf3 Ke6 38. Ke4 Kd6 39. h5 Rf7 40. hxg6
hxg6 41. Rd4+ Kc5 42. Rd5+ Kb4 43. a5 Re7+ 44. Kf4 Re6 45. Kg5 b5 46. axb6 Rxb6
47. Rd4+ Kc5 48. Rf4 a5 49. Ra4 Kb5 50. Ra1 a4 51. Rb1+ Ka5 52. Ra1 Rc6 53. Kh6
Kb4 54. Rb1+ Ka5 55. Ra1 Rd6 56. g5 Kb4 57. Rb1+ Kc3 58. Rb8 a3 59. Rc8+ Kb4
60. Rb8+ Ka5 61. Ra8+ Ra6 62. Rf8 a2 63. Rf1 Kb4 64. Rf4+ Kc5 65. Rf1 a1=Q 66.
Rxa1 Rxa1 67. Kxg6 Kd6 68. Kf7 Ra7+ 69. Kf6 Ra2 70. g6 Rf2+ 71. Kg7 Ke7 72. Kg8
Kf6 73. g7 Rg2 74. Kh8 Kf7 0-1

[Event "35t. Copenhagen Open (Politiken Cup)"]
[Site "Elsinore"]
[Date "2013.08.01"]
[Round "7"]
[White "Norlander, Svante"]
[Black "Poulsen, Iver"]
[Result "0-1"]
[WhiteElo "1796"]
[BlackElo "2087"]
[PlyCount "72"]
[EventDate "2013.07.27"]
[EventType "swiss"]
[EventRounds "10"]
[EventCountry "DEN"]
[Source "ChessBase"]
[SourceDate "2013.08.26"]

1. e4 c5 2. Nf3 g6 3. d4 cxd4 4. Nxd4 Nf6 5. Bd3 Bg7 6. c3 Nc6 7. Bg5 Qa5 8.
Qd2 Ne5 9. Bh4 O-O 10. O-O Nxd3 11. Qxd3 d6 12. Re1 Bd7 13. Nd2 Rac8 14. f4 Qb6
15. Bxf6 Bxf6 16. e5 Bg7 17. N2b3 Rfd8 18. Kh1 dxe5 19. fxe5 a5 20. Qe2 a4 21.
Nc1 Be6 22. Nxe6 Qxe6 23. a3 Bh6 24. Na2 Rd2 25. Qf3 Rxb2 26. Nb4 b5 27. Rab1
Rxb1 28. Rxb1 Qxe5 29. Nc6 Qe6 30. Nd4 Qa2 31. Rf1 Qc4 32. h3 Bg7 33. Nxb5 Qxb5
34. Qxf7+ Kh8 35. Rf3 Qe5 36. c4 Rf8 0-1

[Event "35t. Copenhagen Open (Politiken Cup)"]
[Site "Elsinore"]
[Date "2013.08.01"]
[Round "7"]
[White "Oe, Oluf"]
[Black "Ottesen, Soren Rud"]
[Result "1-0"]
[WhiteElo "1992"]
[BlackElo "1782"]
[PlyCount "51"]
[EventDate "2013.07.27"]
[EventType "swiss"]
[EventRounds "10"]
[EventCountry "DEN"]
[Source "ChessBase"]
[SourceDate "2013.08.26"]

1. d4 Nf6 2. c4 e6 3. Nf3 d5 4. Nc3 Bb4 5. Bg5 Nbd7 6. cxd5 exd5 7. e3 O-O 8.
Bd3 h6 9. Bh4 c5 10. O-O cxd4 11. Nxd5 Be7 12. Nxe7+ Qxe7 13. Nxd4 Ne5 14. Be2
Ng6 15. Bg3 Rd8 16. Rc1 Be6 17. Bf3 Rac8 18. Qa4 Bg4 19. Bxg4 Nxg4 20. Nf5 Qg5
21. Rxc8 Rxc8 22. Nd4 Qc5 23. Qd7 Nf6 24. Qxb7 Nd5 25. Bd6 Qc1 26. Qxd5 1-0

[Event "35t. Copenhagen Open (Politiken Cup)"]
[Site "Elsinore"]
[Date "2013.08.01"]
[Round "7"]
[White "Olsen, Miriam Frida"]
[Black "Kristensen, Kjell Ole"]
[Result "0-1"]
[WhiteElo "1959"]
[BlackElo "2141"]
[PlyCount "62"]
[EventDate "2013.07.27"]
[EventType "swiss"]
[EventRounds "10"]
[EventCountry "DEN"]
[Source "ChessBase"]
[SourceDate "2013.08.26"]

1. e4 c5 2. Nf3 e6 3. d4 cxd4 4. Nxd4 Bc5 5. Nb3 Bb6 6. Nc3 Ne7 7. Bf4 d5 8.
exd5 Nxd5 9. Nxd5 exd5 10. Bb5+ Nc6 11. O-O O-O 12. c3 Qf6 13. Bg3 Be6 14. Qe2
Rad8 15. Bxc6 bxc6 16. Be5 Qg6 17. a4 Rde8 18. Rfe1 Bf5 19. Qd2 Be4 20. Bg3 h5
21. a5 Bd8 22. f3 Bxf3 23. gxf3 h4 24. Qg2 hxg3 25. hxg3 Bc7 26. Kh2 Rxe1 27.
Rxe1 Rb8 28. Nd4 Bxg3+ 29. Qxg3 Rxb2+ 30. Kh3 Qh5+ 31. Qh4 Rh2+ 0-1

[Event "35t. Copenhagen Open (Politiken Cup)"]
[Site "Elsinore"]
[Date "2013.08.01"]
[Round "7"]
[White "Pedersen, Hans Buus"]
[Black "Nielsen, Morten"]
[Result "1-0"]
[WhiteElo "2118"]
[BlackElo "1965"]
[PlyCount "63"]
[EventDate "2013.07.27"]
[EventType "swiss"]
[EventRounds "10"]
[EventCountry "DEN"]
[Source "ChessBase"]
[SourceDate "2013.08.26"]

1. e4 Nf6 2. e5 Nd5 3. c4 Nb6 4. c5 Nd5 5. Nc3 Nxc3 6. dxc3 b6 7. Qf3 Nc6 8. e6
fxe6 9. Nh3 d5 10. Ng5 Ne5 11. Qg3 h6 12. Nh3 Nf7 13. Nf4 Qd7 14. Be3 g5 15.
Nd3 Bg7 16. h4 Rg8 17. hxg5 hxg5 18. Rh7 e5 19. Be2 Qf5 20. Qh2 Qg6 21. O-O-O
Bf5 22. Rh5 O-O-O 23. g4 Be6 24. Nb4 d4 25. Ba6+ Kd7 26. Bb5+ Kc8 27. Qg2 e4
28. Nc6 Bf6 29. Bxd4 bxc5 30. Ba6+ Kd7 31. Bb5 cxd4 32. Ne5+ 1-0

[Event "35t. Copenhagen Open (Politiken Cup)"]
[Site "Elsinore"]
[Date "2013.08.01"]
[Round "7"]
[White "Pedersen, Jan Kaas"]
[Black "Hansen, Tommy"]
[Result "1/2-1/2"]
[WhiteElo "2018"]
[BlackElo "1804"]
[PlyCount "26"]
[EventDate "2013.07.27"]
[EventType "swiss"]
[EventRounds "10"]
[EventCountry "DEN"]
[Source "ChessBase"]
[SourceDate "2013.08.26"]

1. d4 Nf6 2. Nf3 c5 3. c3 d5 4. Bf4 Nc6 5. e3 Bg4 6. Nbd2 e6 7. Bb5 Bd6 8. Bxd6
Qxd6 9. Qa4 O-O 10. Bxc6 bxc6 11. Ne5 cxd4 12. exd4 c5 13. Nxg4 Nxg4 1/2-1/2

[Event "35t. Copenhagen Open (Politiken Cup)"]
[Site "Elsinore"]
[Date "2013.08.01"]
[Round "7"]
[White "Percivaldi, Martin"]
[Black "Lundberg, Roland"]
[Result "1-0"]
[WhiteElo "2178"]
[BlackElo "1996"]
[PlyCount "63"]
[EventDate "2013.07.27"]
[EventType "swiss"]
[EventRounds "10"]
[EventCountry "DEN"]
[Source "ChessBase"]
[SourceDate "2013.08.26"]

1. c4 Nf6 2. Nf3 e6 3. g3 d5 4. d4 dxc4 5. Bg2 a6 6. O-O Nc6 7. e3 Bd6 8. Nbd2
Bd7 9. Nxc4 Rb8 10. b3 b5 11. Nce5 O-O 12. Bb2 Qe7 13. Nxd7 Nxd7 14. e4 Ba3 15.
Bxa3 Qxa3 16. Qc1 Qxc1 17. Rfxc1 Rb6 18. a4 Na5 19. Rxc7 Nf6 20. Nd2 bxa4 21.
bxa4 Rb2 22. Nf1 Ng4 23. f3 Nf2 24. Rac1 Nd3 25. Rd1 Nb4 26. d5 exd5 27. exd5
Rc2 28. d6 Rd8 29. f4 Nbc6 30. Ne3 Rc5 31. Nd5 Nb3 32. Rxc6 1-0

[Event "35t. Copenhagen Open (Politiken Cup)"]
[Site "Elsinore"]
[Date "2013.08.01"]
[Round "7"]
[White "Petersen, Martin Reib"]
[Black "Alfven, Jorgen"]
[Result "1-0"]
[WhiteElo "2009"]
[BlackElo "1851"]
[PlyCount "79"]
[EventDate "2013.07.27"]
[EventType "swiss"]
[EventRounds "10"]
[EventCountry "DEN"]
[Source "ChessBase"]
[SourceDate "2013.08.26"]

1. e4 c5 2. d4 cxd4 3. c3 Nf6 4. e5 Nd5 5. Nf3 Nc6 6. Bc4 Nb6 7. Bb3 d5 8. exd6
e6 9. O-O Bxd6 10. Nxd4 Nxd4 11. Qxd4 O-O 12. Rd1 Be7 13. Qg4 Qc7 14. Bh6 Bf6
15. Nd2 Kh8 16. Ne4 Rg8 17. Nxf6 gxf6 18. Qh4 Qe7 19. Bc2 Rg6 20. Bxg6 fxg6 21.
Qd4 Bd7 22. a4 Bc6 23. a5 Nd5 24. c4 e5 25. Qd2 Nc7 26. Be3 Ne6 27. Qd6 Qf7 28.
a6 Rd8 29. axb7 Bxb7 30. Qb4 a6 31. Rxd8+ Nxd8 32. Rd1 Ne6 33. Qb6 Bc8 34. b4
Kg7 35. b5 axb5 36. cxb5 Nf8 37. Qa7 Qxa7 38. Bxa7 Kf7 39. Rc1 Bf5 40. b6 1-0

[Event "35t. Copenhagen Open (Politiken Cup)"]
[Site "Elsinore"]
[Date "2013.08.01"]
[Round "7"]
[White "Pettersen, Joar Gullestad"]
[Black "Nielsen, John Bauneborg"]
[Result "1-0"]
[WhiteElo "1944"]
[BlackElo "2161"]
[PlyCount "181"]
[EventDate "2013.07.27"]
[EventType "swiss"]
[EventRounds "10"]
[EventCountry "DEN"]
[Source "ChessBase"]
[SourceDate "2013.08.26"]

1. d4 g6 2. c4 Bg7 3. Nc3 f5 4. Nf3 Nf6 5. g3 O-O 6. Bg2 d6 7. O-O Nc6 8. d5
Na5 9. Nd2 c5 10. Qc2 Bd7 11. b3 a6 12. Bb2 b5 13. e4 Rb8 14. Rab1 Qc7 15. Nd1
Nxe4 16. Bxg7 Kxg7 17. Nxe4 fxe4 18. Ne3 Rf6 19. Bxe4 Nb7 20. f4 Rbf8 21. Rbe1
Bh3 22. Bg2 Qd7 23. Re2 R8f7 24. Rfe1 Kf8 25. cxb5 axb5 26. Bxh3 Qxh3 27. a4 h5
28. Ng2 Qg4 29. Ne3 Qh3 30. Ng2 Qg4 31. axb5 Rg7 32. Re4 Qf5 33. Ne3 Qh3 34.
Ng2 Qf5 35. Ne3 Qh3 36. Qd3 h4 37. Nc4 Rh7 38. Qf3 hxg3 39. Qxg3 Qd7 40. b6 Qf5
41. Qg5 Qh3 42. R1e2 Rf5 43. Qg3 Qh5 44. Rd2 g5 45. Ne3 Rxf4 46. Rxf4+ gxf4 47.
Qxf4+ Rf7 48. Qe4 Qh3 49. Rg2 c4 50. Rg3 Qh8 51. Qe6 Qa1+ 52. Kg2 Qb2+ 53. Kh1
Nd8 54. Qh6+ Ke8 55. Rg8+ Kd7 56. Qh3+ e6 57. dxe6+ Nxe6 58. Rg1 Qxb3 59. Qh5
Rf4 60. Nd5 Qf3+ 61. Qxf3 Rxf3 62. Rb1 Rb3 63. Rc1 Rd3 64. Nb4 Rb3 65. Rxc4 Nc5
66. Kg2 Ke6 67. h4 d5 68. Rxc5 Rxb4 69. Rc6+ Kd7 70. Rh6 Kc8 71. Kf3 Kb7 72.
Ke3 Rg4 73. Kf3 Rb4 74. Kg3 Re4 75. h5 Rb4 76. Rd6 Rb1 77. Kf4 Rh1 78. Kg5 Rg1+
79. Kf6 Rh1 80. Kg6 Rg1+ 81. Kh7 Rg5 82. h6 Ka6 83. Kh8 Kb7 84. Kh7 Ka6 85. Kh8
Kb7 86. Kh7 Ka6 87. Rg6 Re5 88. Kg7 Re7+ 89. Kf6 Re8 90. Kf5 Rd8 91. h7 1-0

[Event "35t. Copenhagen Open (Politiken Cup)"]
[Site "Elsinore"]
[Date "2013.08.01"]
[Round "7"]
[White "Preuss, Flemming"]
[Black "Klings, Peter"]
[Result "0-1"]
[WhiteElo "1994"]
[BlackElo "2167"]
[PlyCount "164"]
[EventDate "2013.07.27"]
[EventType "swiss"]
[EventRounds "10"]
[EventCountry "DEN"]
[Source "ChessBase"]
[SourceDate "2013.08.26"]

1. d4 g6 2. Nf3 Bg7 3. e3 Nf6 4. Nbd2 O-O 5. Bd3 d6 6. c3 Nbd7 7. Qe2 e5 8. O-O
Re8 9. dxe5 dxe5 10. e4 Nc5 11. Bc2 Bd7 12. Nb3 Na4 13. Rb1 h6 14. Rd1 Qc8 15.
Nbd2 Nh5 16. g3 Nc5 17. Nf1 Bh3 18. Ne3 Ne6 19. Re1 Rd8 20. Bd2 Nef4 21. gxf4
exf4 22. Kh1 fxe3 23. Qxe3 Nf6 24. Rg1 Be6 25. a3 Ng4 26. Qe2 c5 27. Bf4 b6 28.
Bg3 Qc6 29. Rbd1 Rxd1 30. Rxd1 b5 31. Rd6 Qb7 32. Kg1 Re8 33. Qd2 Nf6 34. Qe3
Bf5 35. Rd8 Rxd8 36. exf5 Re8 37. Ne5 Ng4 38. Qf3 Qxf3 39. Nxf3 g5 40. h4 Bf6
41. hxg5 hxg5 42. Kf1 Nh6 43. Bd6 Rc8 44. Nd2 Kg7 45. Ne4 c4 46. Bc5 Nxf5 47.
Bxa7 Be7 48. Nxg5 Kf6 49. Ne4+ Ke6 50. Ke2 Ra8 51. Bc5 Bxc5 52. Nxc5+ Ke5 53.
a4 bxa4 54. Nxa4 Nd6 55. b3 cxb3 56. Bxb3 Rb8 57. Nc5 Rb5 58. Nd3+ Kf6 59. Bc2
Ra5 60. Ke3 Nf5+ 61. Ke4 Ra7 62. Nb4 Ne7 63. f3 Rd7 64. Bb3 Rc7 65. Kd3 Kg6 66.
Nd5 Nxd5 67. Bxd5 Kf6 68. Kd4 Ke7 69. c4 f6 70. Ke4 Ra7 71. Kf5 Ra1 72. c5 Ra5
73. Be4 Rxc5+ 74. Kf4 Ke6 75. Kg3 Rc4 76. Bb7 Ke5 77. Ba8 f5 78. Bb7 f4+ 79.
Kg4 Rc7 80. Be4 Rg7+ 81. Kh5 Kd4 82. Bf5 Rg3 0-1

[Event "35t. Copenhagen Open (Politiken Cup)"]
[Site "Elsinore"]
[Date "2013.08.01"]
[Round "7"]
[White "Quinn, David"]
[Black "Larsen, Ulrik Jejlskov"]
[Result "1/2-1/2"]
[WhiteElo "1983"]
[BlackElo "1700"]
[PlyCount "103"]
[EventDate "2013.07.27"]
[EventType "swiss"]
[EventRounds "10"]
[EventCountry "DEN"]
[Source "ChessBase"]
[SourceDate "2013.08.26"]

1. d4 c5 2. d5 Nf6 3. c4 b5 4. Nd2 g6 5. e4 d6 6. b3 bxc4 7. Bxc4 Bg7 8. Bb2
Nbd7 9. Ngf3 Qa5 10. O-O O-O 11. Qc2 Ba6 12. Bc3 Qb6 13. Rab1 Bxc4 14. bxc4 Qa6
15. e5 Ng4 16. e6 Bxc3 17. Qxc3 fxe6 18. Ng5 exd5 19. cxd5 Rf5 20. Nde4 Qxa2
21. Rb7 Nde5 22. Rxe7 Raf8 23. Qg3 Nxf2 24. Nxf2 Rxf2 25. Nf3 Nxf3+ 26. gxf3
Rxf1+ 27. Kxf1 Qxd5 28. Ke2 c4 29. Qh3 Qd3+ 30. Kf2 Qd2+ 31. Kf1 h6 32. Qg4 Qg5
33. Qxc4+ Kh8 34. Qc3+ Qf6 35. Qxf6+ Rxf6 36. Ke2 a6 37. Ra7 d5 38. Rd7 Rb6 39.
Rxd5 Rb2+ 40. Ke3 Rxh2 41. Ra5 h5 42. Rxa6 Kg7 43. Kf4 Rh1 44. Kg3 Kh6 45. Kg2
Rb1 46. Kg3 Rb5 47. Rf6 Rf5 48. Rxf5 gxf5 49. f4 Kg7 50. Kh4 Kg6 51. Kg3 Kf6
52. Kh4 1/2-1/2

[Event "35t. Copenhagen Open (Politiken Cup)"]
[Site "Elsinore"]
[Date "2013.08.01"]
[Round "7"]
[White "Rasmussen, Lars"]
[Black "Skjoldager, Per"]
[Result "1/2-1/2"]
[WhiteElo "1977"]
[BlackElo "2136"]
[PlyCount "135"]
[EventDate "2013.07.27"]
[EventType "swiss"]
[EventRounds "10"]
[EventCountry "DEN"]
[Source "ChessBase"]
[SourceDate "2013.08.26"]

1. e4 c6 2. d4 d5 3. Nc3 dxe4 4. Nxe4 Bf5 5. Ng3 Bg6 6. h4 h6 7. Nf3 Nd7 8. h5
Bh7 9. Bd3 Bxd3 10. Qxd3 e6 11. Bf4 Qa5+ 12. Bd2 Qc7 13. O-O-O Ngf6 14. Rhe1
O-O-O 15. Qe2 Nb6 16. Kb1 c5 17. dxc5 Bxc5 18. Bc3 Nbd5 19. Be5 Qb6 20. Qc4 Qb4
21. Qxb4 Nxb4 22. Bxf6 gxf6 23. Ne4 Be7 24. a3 Nd5 25. g3 Rd7 26. c4 Nb6 27.
Rxd7 Nxd7 28. Kc2 Rg8 29. Rd1 Kc7 30. Nc3 a6 31. b4 f5 32. Re1 Rg4 33. Nd5+ Kd6
34. Nxe7 Kxe7 35. c5 Nf6 36. Rd1 Nd5 37. Kb3 Re4 38. Rd2 f4 39. g4 Nf6 40. g5
hxg5 41. Nxg5 Re5 42. Nh3 Nxh5 43. Rd6 Rd5 44. Rb6 Rd3+ 45. Kc4 Rxh3 46. Rxb7+
Kd8 47. a4 Ra3 48. a5 Nf6 49. c6 Ne4 50. Ra7 Nd6+ 51. Kc5 Nc8 52. Rxa6 Rc3+ 53.
Kd4 Rc2 54. b5 Kc7 55. Ra8 f6 56. b6+ Nxb6 57. axb6+ Kxb6 58. Rf8 Rd2+ 59. Ke4
f5+ 60. Kxf4 Rxf2+ 61. Ke5 Kxc6 62. Kxe6 Re2+ 63. Kf6 f4 64. Kg5 Rg2+ 65. Kh4
Rf2 66. Kg4 Kd5 67. Rxf4 Rxf4+ 68. Kxf4 1/2-1/2

[Event "35t. Copenhagen Open (Politiken Cup)"]
[Site "Elsinore"]
[Date "2013.08.01"]
[Round "7"]
[White "Rasmussen, Morten Fredsgaard"]
[Black "Pedersen, Carl Aage"]
[Result "0-1"]
[WhiteElo "1920"]
[BlackElo "1734"]
[PlyCount "84"]
[EventDate "2013.07.27"]
[EventType "swiss"]
[EventRounds "10"]
[EventCountry "DEN"]
[Source "ChessBase"]
[SourceDate "2013.08.26"]

1. f4 g6 2. Nf3 Bg7 3. e3 c5 4. Nc3 d6 5. b3 Nc6 6. Bb2 f5 7. Be2 Nf6 8. O-O
O-O 9. Qe1 e6 10. d3 a6 11. Ng5 h6 12. Nf3 Nd5 13. Nxd5 Bxb2 14. Rb1 Bg7 15.
Nc3 Qf6 16. Nd1 Bd7 17. Nd2 e5 18. fxe5 dxe5 19. a3 b5 20. Qg3 Kh7 21. Nc3 Qe6
22. e4 f4 23. Qf2 Ne7 24. Nd5 Rac8 25. c4 Qd6 26. Nf3 Nc6 27. Qh4 Kg8 28. h3 g5
29. Qe1 Nd4 30. Nxd4 exd4 31. Qd1 Be5 32. Bg4 Be6 33. Rf2 Rb8 34. Bxe6+ Qxe6
35. Qe1 f3 36. g4 h5 37. Qd2 Bf4 38. Qd1 hxg4 39. Kf1 g3 40. Rxf3 Qxh3+ 41. Ke1
Qh1+ 42. Ke2 Qg2+ 0-1

[Event "35t. Copenhagen Open (Politiken Cup)"]
[Site "Elsinore"]
[Date "2013.08.01"]
[Round "7"]
[White "Rasmussen, Ole H"]
[Black "Sajjadi, Kimiya"]
[Result "1-0"]
[WhiteElo "1727"]
[BlackElo "1485"]
[PlyCount "79"]
[EventDate "2013.07.27"]
[EventType "swiss"]
[EventRounds "10"]
[EventCountry "DEN"]
[Source "ChessBase"]
[SourceDate "2013.08.26"]

1. e4 e5 2. Nf3 Nc6 3. Bb5 a6 4. Ba4 Nf6 5. O-O b5 6. Bb3 Be7 7. Re1 d6 8. h3
Na5 9. c3 Nxb3 10. axb3 Bb7 11. d3 Nd7 12. Nbd2 O-O 13. Nf1 f5 14. b4 Qe8 15.
Ng5 Bxg5 16. Bxg5 Qg6 17. Bh4 Qh6 18. Bg3 Qg6 19. f3 f4 20. Bf2 Bc8 21. Kh1 Nb6
22. Nh2 h5 23. b3 Be6 24. c4 Nc8 25. cxb5 Qf7 26. bxa6 Bxb3 27. Qd2 Qd7 28.
Reb1 Be6 29. b5 Nb6 30. d4 Qd8 31. dxe5 dxe5 32. Qc3 Re8 33. Rd1 Bd7 34. Rdb1
Kh7 35. Rd1 Ra7 36. Qc5 Re7 37. Rd5 Nxd5 38. Qxa7 Bxb5 39. exd5 Qxd5 40. Qb7
1-0

[Event "35t. Copenhagen Open (Politiken Cup)"]
[Site "Elsinore"]
[Date "2013.08.01"]
[Round "7"]
[White "Riis, Jens"]
[Black "Skovgaard, Tom"]
[Result "1/2-1/2"]
[WhiteElo "2174"]
[BlackElo "1962"]
[PlyCount "61"]
[EventDate "2013.07.27"]
[EventType "swiss"]
[EventRounds "10"]
[EventCountry "DEN"]
[Source "ChessBase"]
[SourceDate "2013.08.26"]

1. d4 Nf6 2. Nf3 d5 3. Bf4 c5 4. e3 Nc6 5. c3 e6 6. Nbd2 Bd6 7. Bg3 O-O 8. Ne5
Qc7 9. f4 cxd4 10. exd4 Qb6 11. Rb1 Ne7 12. Bd3 Ng6 13. O-O Bd7 14. Kh1 Bb5 15.
c4 dxc4 16. Ndxc4 Qa6 17. Nxd6 Bxd3 18. Nxd3 Qxd6 19. f5 Qxd4 20. fxg6 hxg6 21.
Be5 Qh4 22. Bxf6 gxf6 23. Qf3 Rad8 24. Nf2 Rd5 25. Ne4 f5 26. Nc3 Rd2 27. Qxb7
Kg7 28. Qxa7 Rh8 29. Qg1 g5 30. Nd1 Re2 31. Nc3 1/2-1/2

[Event "35t. Copenhagen Open (Politiken Cup)"]
[Site "Elsinore"]
[Date "2013.08.01"]
[Round "7"]
[White "Rolvag, Birk Anders"]
[Black "Bayhan, Erkan"]
[Result "1-0"]
[WhiteElo "1988"]
[BlackElo "1753"]
[PlyCount "45"]
[EventDate "2013.07.27"]
[EventType "swiss"]
[EventRounds "10"]
[EventCountry "DEN"]
[Source "ChessBase"]
[SourceDate "2013.08.26"]

1. e4 e5 2. Bc4 Nf6 3. d3 d5 4. exd5 Nxd5 5. Nf3 Nc6 6. h3 Be7 7. O-O O-O 8.
Re1 Bf6 9. Nbd2 Bf5 10. Ne4 Bxe4 11. Rxe4 Nb6 12. Bb3 Qd7 13. Bg5 Bxg5 14. Nxg5
h6 15. Nf3 Rfe8 16. Qe2 Nd4 17. Nxd4 exd4 18. Re1 Kf8 19. Qf3 c6 20. R1e2 Rxe4
21. Rxe4 Re8 22. Bxf7 Qxf7 23. Rf4 1-0

[Event "35t. Copenhagen Open (Politiken Cup)"]
[Site "Elsinore"]
[Date "2013.08.01"]
[Round "7"]
[White "Rolvag, Mikael"]
[Black "Colpe, Malte"]
[Result "1-0"]
[WhiteElo "2162"]
[BlackElo "2311"]
[PlyCount "91"]
[EventDate "2013.07.27"]
[EventType "swiss"]
[EventRounds "10"]
[EventCountry "DEN"]
[Source "ChessBase"]
[SourceDate "2013.08.26"]

1. d4 d5 2. Nf3 Nf6 3. c4 c6 4. e3 a6 5. Bd3 g6 6. b3 Bg7 7. Bb2 Bg4 8. Nbd2
O-O 9. O-O Nbd7 10. h3 Bxf3 11. Nxf3 h6 12. Qc2 Rc8 13. Rfd1 b5 14. Rac1 e6 15.
Ba3 Re8 16. cxb5 axb5 17. Bb4 e5 18. dxe5 Nh7 19. e6 Rxe6 20. Nd4 Bxd4 21. exd4
Ndf6 22. Bd2 Ne4 23. Be1 Qb6 24. Bf1 Nhf6 25. a4 Ra8 26. axb5 cxb5 27. f3 Nd6
28. Qc5 Qa6 29. Qb4 Rb8 30. Rc5 Qa2 31. Rc6 Nf5 32. Rxe6 fxe6 33. Bf2 Qc2 34.
Re1 Qc6 35. g4 Ng7 36. Bd3 Kf7 37. Ra1 Rb7 38. Qd2 g5 39. h4 Nge8 40. hxg5 hxg5
41. Rc1 Qd6 42. Qxg5 Ke7 43. Bg6 Kd7 44. Bh4 b4 45. Bxe8+ Nxe8 46. Qd8# 1-0

[Event "35t. Copenhagen Open (Politiken Cup)"]
[Site "Elsinore"]
[Date "2013.08.01"]
[Round "7"]
[White "Rorvik, Jon Fredrik"]
[Black "Jensen, Ib"]
[Result "1-0"]
[WhiteElo "2154"]
[BlackElo "1977"]
[PlyCount "99"]
[EventDate "2013.07.27"]
[EventType "swiss"]
[EventRounds "10"]
[EventCountry "DEN"]
[Source "ChessBase"]
[SourceDate "2013.08.26"]

1. c4 Nc6 2. Nc3 e5 3. g3 Nf6 4. Bg2 Bc5 5. a3 a5 6. e3 O-O 7. Nge2 Re8 8. d3
d6 9. O-O h6 10. h3 Rb8 11. Kh2 Ne7 12. d4 Ba7 13. b4 c5 14. bxc5 exd4 15. exd4
dxc5 16. d5 Ng6 17. Nb5 Bb6 18. Qc2 Bc7 19. Nxc7 Qxc7 20. Bb2 b5 21. Bxf6 gxf6
22. cxb5 Rxb5 23. Nc3 Rb8 24. Ne4 Qe5 25. Qxc5 Bf5 26. Nd6 Red8 27. Nxf5 Qxf5
28. Qxa5 Ne5 29. Rad1 Rd6 30. Qc3 Rbd8 31. a4 Rc8 32. Qe3 Qh5 33. Kg1 Rc4 34.
Rd4 Rxd4 35. Qxd4 Nf3+ 36. Bxf3 Qxf3 37. Rd1 Qb3 38. Rd3 Qb1+ 39. Kh2 Qc2 40.
Kg2 Ra6 41. Rf3 Qxa4 42. Qxa4 Rxa4 43. Rxf6 Kg7 44. Rf4 Ra6 45. Rd4 Rd6 46. Kf3
f5 47. Kf4 Kf6 48. f3 h5 49. h4 Rd7 50. d6 1-0

[Event "35t. Copenhagen Open (Politiken Cup)"]
[Site "Elsinore"]
[Date "2013.08.01"]
[Round "7"]
[White "Rose, Dennis Lauge"]
[Black "Petersen, Albert Emil Lyng"]
[Result "1-0"]
[WhiteElo "1827"]
[BlackElo "1533"]
[PlyCount "49"]
[EventDate "2013.07.27"]
[EventType "swiss"]
[EventRounds "10"]
[EventCountry "DEN"]
[Source "ChessBase"]
[SourceDate "2013.08.26"]

1. f4 d5 2. Nf3 Bf5 3. e3 Nf6 4. d4 e6 5. Ne5 Nbd7 6. Be2 Ne4 7. O-O c5 8. c3
cxd4 9. exd4 Qh4 10. Qa4 Nef6 11. Bb5 Rd8 12. Qxa7 g5 13. fxg5 Ng4 14. Bf4
Ngxe5 15. Bxe5 Rg8 16. Nd2 Qxg5 17. Rf2 Qe3 18. Bf4 Rxg2+ 19. Kxg2 Qh3+ 20. Kh1
Qh4 21. Bg3 Be4+ 22. Nxe4 Qxe4+ 23. Kg1 Bh6 24. Rg2 Be3+ 25. Kh1 1-0